Výhľady nášho bývania

Uložené v:
Podrobná bibliografia
Hlavný autor: Jankovich, Imrich
Médium: Kniha
Jazyk:Slovak
Vydavateľské údaje: Bratislava Alfa 1980
Tagy: Pridať tag
Žiadne tagy, Buďte prvý, kto otaguje tento záznam!

MARC

LEADER 00000nam a2200000 4500
001 c126678
005 20041019155238.6
041 0 |a slo 
044 |a SK 
245 1 0 |a Výhľady nášho bývania  |c Imrich Jankovich 
264 1 |a Bratislava  |b Alfa  |c 1980 
300 |a 120 s. 
100 1 |a Jankovich, Imrich